Statistics for NBA Top 35 All-Time Greats by BPM,WS & GmSc

Click here to take the quiz!

General Stats

  • This quiz has been taken 40 times
  • The average score is 30 of 35

Answer Stats

RankAve.Known TeamAnswer% Correct
1422.25LALKobe Bryant
100%
1-22.17CLE,MIA,LALLeBron James
100%
1-22.17CHIMichael Jordan
100%
1522.58UTAKarl Malone
97%
1121.25BOSLarry Bird
97%
713.58LALMagic Johnson
97%
2136.0OKCRussell Westbrook
97%
512.08ORL,LAL,MIAShaquille O'Neal
97%
1321.83GSWStephen Curry
97%
411.33SASTim Duncan
97%
914.25NOH,LAC,HOUChris Paul
94%
1623.83DALDirk Nowitzki
94%
613.17HOUHakeem Olajuwon
94%
1221.58OKC,HOUJames Harden
94%
1014.33OKC,GSW,BRKKevin Durant
94%
2546.08CHIScottie Pippen
94%
813.92SASDavid Robinson
91%
18-1927.5MIADwyane Wade
91%
1726.0UTAJohn Stockton
91%
2854.58SAS,TORKawhi Leonard
91%
310.33PHI,PHO,HOUCharles Barkley
89%
18-1927.5MIN,BOSKevin Garnett
89%
2648.75ORLDwight Howard
86%
2028.5POR,HOUClyde Drexler
83%
3573.25DAL,PHO,NJNJason Kidd
83%
2237.92MEM,LALPau Gasol
83%
3367.75MIL,SEA,BOSRay Allen
83%
2339.58INDReggie Miller
83%
2751.58BOSKevin McHale
80%
3058.17BOSPaul Pierce
80%
2441.17SASManu Ginobili
77%
3468.0NYKPatrick Ewing
71%
2955.08DET,DENChauncey Billups
57%
3264.33UTAJeff Hornacek
43%
3163.0PHO,CLELarry Nance
26%

Score Distribution

Percentile by Number Answered

Percent of People with Each Score

Your Score History

You have not taken this quiz